Central Library OPAC University of Rajshahi

The London book of English verse / (Record no. 21208)

MARC details
000 -LEADER
fixed length control field 00756cam a22002531 4500
001 - CONTROL NUMBER
control field 21208
003 - CONTROL NUMBER IDENTIFIER
rucl marc code BD-RjUL
005 - DATE AND TIME OF LATEST TRANSACTION
control field 20211209000648.0
008 - FIXED-LENGTH DATA ELEMENTS--GENERAL INFORMATION
fixed length control field 140303r19561949enk 000 0 eng d
035 ## - SYSTEM CONTROL NUMBER
System control number (BD-RjUL)21272
System control number (OCoLC)1289639
040 ## - CATALOGING SOURCE
Original cataloging agency DLC
Transcribing agency FO
Modifying agency OCoLC
-- DLC
-- BD-RjUL
Language of cataloging eng
041 ## - LANGUAGE CODE
Language code of text/sound track or separate title eng
082 00 - DEWEY DECIMAL CLASSIFICATION NUMBER
Classification number 821.08
Author mark and year LON 1956
245 14 - TITLE STATEMENT
Title The London book of English verse /
Statement of responsibility, etc. selected by Herbert Read and Bonamy Dobrée.
260 ## - PUBLICATION, DISTRIBUTION, ETC. (IMPRINT)
Place of publication, distribution, etc. London :
Name of publisher, distributor, etc. Eyre & Spottiswoode,
Date of publication, distribution, etc. 1949. [Reprinted 1956]
300 ## - PHYSICAL DESCRIPTION
Pagination xxxv, 874 p. ;
Size 19cm.
650 #0 - SUBJECT ADDED ENTRY--TOPICAL TERM
Topical term or geographic name as entry element English poetry.
9 (RLIN) 65561
700 1# - ADDED ENTRY--PERSONAL NAME
Personal name Dobrée, Bonamy,
Dates associated with a name 1891-1974.
Personal name Read, Herbert,
942 ## - ADDED ENTRY ELEMENTS (KOHA)
Source of classification or shelving scheme Dewey Decimal Classification
Koha item type Books
Holdings
Lost status Source of classification or shelving scheme Damaged status Not for loan Collection code Permanent Location Current Location Shelving location Date acquired Source of acquisition Cost, normal purchase price Total Checkouts Full call number Date last seen Copy number Koha item type
  Dewey Decimal Classification   Added to bundle Fiction Central Library, University of Rajshahi Central Library, University of Rajshahi Reading Room 11/12/1963 Zeithlinger. 18.00   821.08 LON 1956 03/03/2014 C-1 Books